000 00652nam a22002417a 4500
999 _c306474
_d306474
001 20298
003 UA-OsUOA
005 20190924111833.0
007 ta
008 20031021b un ||||| |||| 00| 0 ukr d
040 _aUA-OsUOA
_brus
_cUA-OsUOA
_dUA-OsUOA
041 _arus
044 _aRU
080 _a821.162.3
090 _a821.162.3
_bУ-19
100 _aЧапек Карел
245 _aОповідання з обох кишень
_cКарел Чапек ; перекл. з чеської Клим Забарило
260 _aКиїв
_bДніпро
_c1970
300 _a478 с.
650 7 _2UDC
942 _cBK
_2udc
955 _a0